Türkiye'de Çernobil sonrası radyasyon ve radyoaktivite ölçümleri. (Record no. 5849)
[ view plain ]
| 000 -BAŞLIK | |
|---|---|
| Sabit Uzunlukta Kontrol Alanı | 01018na a2200301 4500 |
| 001 - KONTROL NUMARASI | |
| Denetim Alanı | 18849 |
| 003 - KONTROL NUMARASI IDENTIFIER | |
| Denetim Alanı | MIRAKIL |
| 005 - SON İŞLEM TARİHİ VE ZAMANI | |
| Denetim Alanı | 20181213155049.0 |
| 008 - SABİT-BOY VERİ ELEMANLARI - GENEL BİLGİLER | |
| Sabit Uzunlukta Kontrol Alanı | 161205b tu 000 0 |
| 020 ## - ULUSLARARASI STANDART KİTAP NUMARASI | |
| Uluslararası Standart Kitap Numarası | 9758898256 |
| 020 ## - ULUSLARARASI STANDART KİTAP NUMARASI | |
| Uluslararası Standart Kitap Numarası | 9758898191 (tkm. no.) |
| 040 ## - KATALOGLAMA KAYNAK | |
| Orijinal Kataloglama Ajansı | Milas |
| Kataloglama Dili | tur |
| Metne Dönüştürmek Ajansı | TR-AnCHP |
| 041 ## - DİL KODU | |
| Metin / Ses Parça Veya Ayrı Başlığın Dil Kodu | tur |
| 082 ## - DEWEY ONLU SINIFLANDIRMA NUMARASI | |
| Sınıflandırma Numarası | 363.7289 |
| Ürün Numarası | T96 2007 |
| 090 ## - SINIFLAMA NUMARASI | |
| Sınıflama Numarası | 363.7289 T96 2007 |
| 245 ## - BAŞLIK TABLOSU | |
| Başlık | Türkiye'de Çernobil sonrası radyasyon ve radyoaktivite ölçümleri. |
| Sorumluluk Tablosu, Vb | Türkiye Atom Enerjisi Kurumu (TAEK) |
| 246 ## - UNVAN FORM VARYING | |
| Başlık Doğru / Kısa Başlığı | 20. yılında Çernobil |
| 250 ## - EDITION TABLOSU | |
| Baskı Beyanı | 2. bs. |
| 260 ## - YAYIN, DAĞITIM, VB | |
| Yayın, Dağıtım, Vb Yeri | Ankara |
| Yayıncı, Dağıtıcı, Vs Adı | Türkiye Atom Enerjisi Kurumu (TAEK) |
| Yayın, Dağıtım, Vb Tarihi | 2007 |
| 300 ## - FİZİKSEL TANIM | |
| Kapsam | 107 s. |
| Diğer Fiziksel Ayrıntıları | hrt.,grf. , tbl. |
| Boyutlar | 24 sm. |
| 490 ## - SERİSİ TABLOSU | |
| Seri Beyanı | Türkiye Atom Enerjisi Kurumu (TAEK) Çernobil serisi |
| Hacim / Ardışık Tanımı | 6 |
| 500 ## - GENEL NOT | |
| Genel Not | Eser adı başında: 20.Yılında Çernobil |
| 504 ## - KAYNAKÇA VB NOT | |
| Kaynakça Vb Notu | Kaynakça var. |
| 650 ## - KONU KATMA GİRİŞ - TOPİKAL DÖNEM | |
| Topikal Süreli Veya Coğrafi Ad Giriş Elemanı | Çernobil Nükleer Kazası |
| Coğrafi Alt Bölümü | Etkileri |
| 651 ## - KONU KATMA GİRİŞ - COĞRAFİ ADI | |
| Coğrafi İsim | Türkiye |
| Genel Alt Bölümü | Radyoaktivite ölçümleri |
| 710 ## - KATMA GİRİŞ - KURUMSAL ADI | |
| Giriş Elemanı Olarak Kurumsal Ad Veya Yargı Alanı Adı | Türkiye Atom Enerjisi Kurumu (TAEK) |
| 942 ## - EKLENDİ GİRİŞ ELEMANLARI (KOHA) | |
| Sınıflandırma Veya Raf Düzeni Kaynak | |
| Koha Öğesi Türü | Books |
| 999 ## - SİSTEM KONTROL NUMARALARI (KOHA) | |
| Koha Biblionumber | 5849 |
| Koha Biblioitemnumber | 5849 |
| Kalıcı Konum | Mevcut Konum | Edinme Tarihi | Edinim Kaynak | Toplam Check-Out'Lar | Tam Çağrı Numarası | Barkod | Tarih Son Görülme | Kopya Sayısı | İtibaren Geçerli Fiyatlar | Koha Öğesi Türü |
|---|---|---|---|---|---|---|---|---|---|---|
| CHP Kütüphanesi | CHP Kütüphanesi | 12/02/2016 | Bağış | 363.7289 T96 2007 | 009782 | 12/02/2016 | k.2 | 12/02/2016 | Books | |
| CHP Kütüphanesi | CHP Kütüphanesi | 12/01/2016 | Bağış | 363.7289 T96 2007 | 010089 | 12/01/2016 | 12/01/2016 | Books |
